Sú informácie prezentované v účtovnej závierke mikro účtovnej jednotky dostatočne užitočné pre ich používateľov?

Slovenská republika ako členský štát Európskej únie je povinná do svojej právnej úpravy transponovať nariadenia Európskej únie. Významným krokom bola implementácia Smernice o účtovných závierkach do právnej úpravy účtovníctva, vďaka ktorej sa v slovenskej právnej úprave účtovníctva zaviedli veľkostn...

Celý popis

Uložené v:
Podrobná bibliografia
Hlavný autor: Blahušiaková, Miriama, 1980-
Médium: Kapitola
Jazyk:Slovak
Predmet:
Tagy: Pridať tag
Žiadne tagy, Buďte prvý, kto otaguje tento záznam!

MARC

LEADER 00000nla a2200000 4500
001 0243761
005 20240502073941.4
041 0 |a slo 
044 |a SK 
245 1 0 |a Sú informácie prezentované v účtovnej závierke mikro účtovnej jednotky dostatočne užitočné pre ich používateľov?  |c Miriama Blahušiaková 
520 |a Slovenská republika ako členský štát Európskej únie je povinná do svojej právnej úpravy transponovať nariadenia Európskej únie. Významným krokom bola implementácia Smernice o účtovných závierkach do právnej úpravy účtovníctva, vďaka ktorej sa v slovenskej právnej úprave účtovníctva zaviedli veľkostné skupiny účtovných jednotiek. Mikro účtovné jednotky patria veľkosťou aj rozsahom podnikateľských aktivít k tým najmenším. Anaýza účtovnej závierky mikro účtovných jednotiek s cieľom posúdiť, či informácie prezentované v nej sú dostatočne užitočné pre rozhodovacie potreby používateľov. 
610 2 0 |a závierka účtovná 
610 2 0 |a informácie účtovné 
610 2 0 |a jednotka účtovná 
610 2 0 |a mikropodnik 
610 2 0 |a výkaz ziskov a strát 
610 2 0 |a výkazníctvo účtovné 
100 1 |a Blahušiaková, Miriama, 1980-